Kluby ekstraklasy w piłce nożnej sezon 2021/2022 - Statystyki

Ogólne statystyki
  • Ten quiz został rozwiązany 109 razy
  • Średni wynik to 15 z 18
Statystyki odpowiedzi
% Poprawnych
Legia Warszawa
100%
Lech Poznań
96%
Pogoń Szczecin
92%
Wisła Kraków
92%
Górnik Zabrze
91%
Lechia Gdańsk
91%
Jagiellonia Białystok
87%
Radomiak Radom
84%
Warta Poznań
84%
Wisła Płock
84%
Piast Gliwice
82%
Raków Częstochowa
82%
Zagłębie Lubin
82%
Śląsk Wrocław
78%
Stal Mielec
78%
Cracovia
76%
Górnik Łęczna
70%
Termalica Bruk Bet Nieciecza
49%
Nie znaleziono quizów pasujących do podanych kryteriów
Rozkład punktacji
Procent ludzi z każdym wynikiem
Percentyl według liczby udzielonych odpowiedzi
Twoja historia wyników
Nie rozwiązałeś tego quizu